Normal view
MARC view
- Gustafson, David H.
Entry Nombre Personal
001 - NUMERO DE CONTROL
- campo de control: 43771
003 - IDENTIFICADOR DE NUMERO DE CONTROL
- campo de control: DLC
005 - FECHA Y HORA DE LA ÜLTIMA TRANSACCIÓN
- campo de control: 20220216104957.0
008 - DATOS DE LONGITUD FIJA
- campo de control de longitud fija: 850814n| azannaabn |n aaa d
010 ## - NÚMERO DE CONTROL DE LA BIBLIOTECA DEL CONGRESO
- Número de control LC: n 85071307
040 ## - FUENTE DE CATALOGACIÓN
- Agencia original de catalogación: DGPO
- Lenguaje de catalogación: spa
- Agencia de transcripción: DLC
- Agencia que lo modifica: DLC
- Agencia que lo modifica: MX-SlUA
- Agencia que lo modifica: MX-MxUPN
100 1# - ENCABEZAMIENTO - NOMBRE PERSONAL
- Nombre personal: Gustafson, David H.
670 ## - FUENTE EN LA QUE SE LOCALIZARON DATOS
- Cita de la fuente: Assessment of level of care, 1984:
- Información localizada: portada (David H. Gustafson)
670 ## - FUENTE EN LA QUE SE LOCALIZARON DATOS
- Cita de la fuente: Técnicas grupales para la planeación, 1984:
- Información localizada: portada (David H. Gustafson)
902 ## - CATALOGADOR
- Catalogador: VRC/160222
